Word Ladder: Proverb IV Quiz Stats

 Plays Quiz Updated Nov 29, 2016

Support Sporcle.
Go Orange.
Score 0/25 Timer 03:00
1 Play Today
Clue Four-Letter Word % Correct
TV's 'America's ___ Wanted'MOST
96.4%
Opposite of thisTHAT
96%
Leonardo's '___ Lisa'MONA
94.7%
Throw lightlyTOSS
94.6%
The center of an appleCORE
94.3%
1760 yardsMILE
93.6%
A medically induced deep sleepCOMA
92.9%
A rolling stone doesn't gather thisMOSS
91.6%
Maize relativeCORN
91.4%
Digits for a podiatristTOES
90.9%
Udder of a cowTEAT
89.2%
Actress Kunis of 'Black Swan'MILA
88%
Green, black, and oolong, e.g.TEAS
85%
Clue Four-Letter Word % Correct
Hardy's '___ of the d'Urbervilles'TESS
84.7%
NYC home to 'Les Demoiselles d'Avignon'MOMA
84.6%
• [Rung 1] [Rung 8] up, [Rung 12] ___ [Rung 25] •●COME●
82.1%
Harker of 'The League of Extraordinary Gentlemen'MINA
80.6%
A farm animal or a shoeMULE
76%
• [Rung 1] [Rung 8] up, ___ [Rung 21] [Rung 25] •●MUST●
66.8%
Star Trek's Worf actor MichaelDORN
65.1%
• ___ [Rung 8] up, [Rung 12] [Rung 21] [Rung 25] •●WHAT●
64.7%
Clio or Terpsichore, e.g.MUSE
62.7%
• [Rung 1] [Rung 8] up, [Rung 12] [Rung 21] ___●DOWN●
61.6%
• [Rung 1] ___ up, [Rung 12] [Rung 21] [Rung 25] •●GOES●
60.9%
Porter who headed the CIAGOSS
58.2%

Today's Daily Dose

Missing Word
Candy Slogans

Quick Pick
Batman's Robins

Get the Picture
Streaming Services

From the Vault

Disney Dog Owner Match-Up

by triviahappy

Movies 4m
All of these dogs are extremely jealous that Goofy doesn't need an owner.
Remove Ads.
Support Sporcle.
Get the best of Sporcle when you Go Orange. This ad-free experience offers more features, more stats, and more fun while also helping to support Sporcle. Thank you for becoming a member.

Show Comments

Extras

Top Quizzes Today


Score Distribution

Your Account Isn't Verified!

In order to create a playlist on Sporcle, you need to verify the email address you used during registration. Go to your Sporcle Settings to finish the process.

Report this User

Report this user for behavior that violates our Community Guidelines.

Details: